<?xml version="1.0" encoding="UTF-8"?>
<record
    xmlns:xsi="http://www.w3.org/2001/XMLSchema-instance"
    xsi:schemaLocation="http://www.loc.gov/MARC21/slim http://www.loc.gov/standards/marcxml/schema/MARC21slim.xsd"
    xmlns="http://www.loc.gov/MARC21/slim">

  <leader>00815nam a22001577a 4500</leader>
  <controlfield tag="005">20260701160047.0</controlfield>
  <datafield tag="020" ind1=" " ind2=" ">
    <subfield code="a">9798892791946</subfield>
  </datafield>
  <datafield tag="082" ind1=" " ind2=" ">
    <subfield code="a">658.409HBR</subfield>
  </datafield>
  <datafield tag="100" ind1=" " ind2=" ">
    <subfield code="a">Harvard Business Review.</subfield>
  </datafield>
  <datafield tag="245" ind1=" " ind2=" ">
    <subfield code="a">HBR's 10 Must Reads 2026</subfield>
    <subfield code="b">The Definitive Management Ideas of the Year from Harvard Business Review</subfield>
  </datafield>
  <datafield tag="260" ind1=" " ind2=" ">
    <subfield code="a">HBR</subfield>
    <subfield code="b">Harvard Business Review Press,</subfield>
    <subfield code="c">2025</subfield>
  </datafield>
  <datafield tag="300" ind1=" " ind2=" ">
    <subfield code="a">208P.</subfield>
    <subfield code="b">23 cm</subfield>
  </datafield>
  <datafield tag="520" ind1=" " ind2=" ">
    <subfield code="a">This book will inspire you to eliminate dysfunction in your leadership team; apply the right kinds of questions to strategic decisions; bring everyone on board with your AI efforts; design innovative products that grow with your customers; better assess what macroeconomic risk means for your business; and build a corporate culture that truly aligns with your values.</subfield>
  </datafield>
  <datafield tag="650" ind1=" " ind2=" ">
    <subfield code="a">Leadership</subfield>
  </datafield>
  <datafield tag="942" ind1=" " ind2=" ">
    <subfield code="c">BK</subfield>
  </datafield>
  <datafield tag="999" ind1=" " ind2=" ">
    <subfield code="c">11544</subfield>
    <subfield code="d">11544</subfield>
  </datafield>
  <datafield tag="952" ind1=" " ind2=" ">
    <subfield code="0">0</subfield>
    <subfield code="1">0</subfield>
    <subfield code="4">0</subfield>
    <subfield code="7">0</subfield>
    <subfield code="a">U001</subfield>
    <subfield code="b">U001</subfield>
    <subfield code="c">Leadership</subfield>
    <subfield code="d">2026-06-19</subfield>
    <subfield code="g">53187.00</subfield>
    <subfield code="l">0</subfield>
    <subfield code="o">658.409HBR</subfield>
    <subfield code="p">UR010560</subfield>
    <subfield code="r">2026-07-01 16:04:18</subfield>
    <subfield code="w">2026-07-01</subfield>
    <subfield code="y">BK</subfield>
  </datafield>
  <datafield tag="952" ind1=" " ind2=" ">
    <subfield code="0">0</subfield>
    <subfield code="1">0</subfield>
    <subfield code="4">0</subfield>
    <subfield code="7">0</subfield>
    <subfield code="a">U001</subfield>
    <subfield code="b">U001</subfield>
    <subfield code="c">Leadership</subfield>
    <subfield code="d">2026-06-19</subfield>
    <subfield code="g">53187.00</subfield>
    <subfield code="l">0</subfield>
    <subfield code="o">658.409HBR</subfield>
    <subfield code="r">2026-07-01 16:04:26</subfield>
    <subfield code="w">2026-07-01</subfield>
    <subfield code="y">BK</subfield>
  </datafield>
  <datafield tag="952" ind1=" " ind2=" ">
    <subfield code="0">0</subfield>
    <subfield code="1">0</subfield>
    <subfield code="4">0</subfield>
    <subfield code="7">0</subfield>
    <subfield code="a">U001</subfield>
    <subfield code="b">U001</subfield>
    <subfield code="c">Leadership</subfield>
    <subfield code="d">2026-06-19</subfield>
    <subfield code="g">53187.00</subfield>
    <subfield code="l">0</subfield>
    <subfield code="o">658.409HBR</subfield>
    <subfield code="p">UR010559</subfield>
    <subfield code="r">2026-07-01 16:04:42</subfield>
    <subfield code="w">2026-07-01</subfield>
    <subfield code="y">BK</subfield>
  </datafield>
</record>
